000 nam a22 a 4500
999 _c207334
_d207334
003 BLK
005 20220621154651.0
008 180411b bul|||||r ||||||| ||bul||
040 _aBLK
041 _aBUL
_cBUL
080 _aБългарска литература
_b821.163.2
_x-8
_z821.163.2-8
100 1 _aЦерковски, Цанко
_eпърви автор
_gБакалов, Цанко Генов
_9377960
139 _aЦерковски, Цанко
_bЦ 53
245 1 0 _aИзбрани произведения
_cЦанко Церковски; предг. и ред. Иван Сестримски; * Цанко Генов Бакалов.
257 _aBGR
260 _aСофия
_bБълг. писател
_c1969
300 _a651 с.
_b4 л. портр.
_c19 см
380 _aX
700 1 _aСестримски, Иван
_eпредг. и ред.
_9363551
700 1 _aБакалов, Цанко Генов
_9327383
852 _aЦб 49246
_bЦб
942 _cKNG
_n0
_01
_s1
944 _aCR
_c09.03.2018
_kТеодора_Стоянова
944 _aED
_c2022-06-21
_kКети
999 _d207334